000 01129nam a2200313Ia 4500
003 OSt
005 20221007121817.0
006 a|||||r|||| 00| 0
007 ta
008 221006b |||||||| |||| 00| 0 eng d
020 _a0122577663 (pbk)
_c
_49.95
024 _a10043
037 _bOverseas,
_cTextual
040 _aBDL
_cBDL
_beng
041 _2eng
_aeng
082 _aI:3-5, P2
100 _aFitter Alastair H
_9712975
245 0 _aEnvironmental physiology of plants by Alastair H Fitter and Robert K M Hay
_b Hay Robert K M
250 _aEd 3
260 _aSan
_bDiego Academic Press
_c2002
300 _axii, 367p
_ccm.
500 _aBibliographical references 313-345p; Indexes 347-367p; ^n23/CSL/CARB/2002-2003/59^d2002-05-09^mPurchase; ; 2002-03/62^b2002-06-27^c1983^d2002-05-23^eRs.2,215.00^fOverseas Press India Pvt. Ltd.; ; 2003-02-03^bSB^c2003-09-04^dRPS
650 _a Ecology
650 _a Physiology
650 _aBotany
700 _a Hay Robert K M
_9712976
942 _hI:3-5, P2
_cTEXL
_2CC
999 _c1209374
_d1209374